Title in the Lyrics Quiz: K-Pop - Statistics

General Stats
  • This quiz has been taken 12 times
  • The average score is 5 of 18
Answer Stats
Song Lyric % Correct
Monday, Tuesday, Wednesday, Thursday, Friday / {Seven} days a week
100%
Gotta {work} (gotta {work}) / Gotta make that money, make purse
73%
I cook cream soup, taste is Coco Loco / Want me your {wife} but she is
55%
She's a certified {freak}, ten days a week
55%
I know I'm an icon, watch me with the lights on / But she got a hold on me like a {python}
45%
{Hot} {sauce}, {hot} {sauce} / Everybody want some, but can't handle what I brought 'em
36%
I can melt an {igloo}, yeah 'cause I'm so dang hot
36%
{This} {is} {for} all my ladies who don't get hyped enough
36%
Thrashing rain I'ma bring the storm / This my stage, {walkin'} {on} {water}
27%
Baby, just tell me, I can't read your mind / What's your {love} {language}?
18%
I cannot {focus} on anything but you, baby
18%
I got that {baditude}, I got that {baditude} / I take it straight to the max, kinda attitude
18%
I'm my own biggest fan, and I'm high in demand / I am a {rich} {man}
18%
A B C D E {F} {girl} / A B C D E {F} {girl}
9%
Don't be afraid / Love is the way / Shawty, I got it / You can call me {monster}
0%
{Honestly}, I know you didn't see / Now I can be what I just wanna be
0%
{Loose} / I've been waiting to get next to you
0%
You never like it when it's nice / {Drama} queen got it from her mama
0%
No matching quizzes found
Score Distribution
Percent of People with Each Score
Percentile by Number Answered
Your Score History
You have not taken this quiz